000
00283nam a22001337a 4500
008
190205b xxu||||| |||| 00| 0 eng d
020
_a
0153539216
041
_a
eng
080
_2
3rd
_a
510
100
_a
36
101
_a
MAT
245
_a
Algebra One
_c
Payne,J.N
942
_2
udc
_c
BK
999
_c
54015
_d
54015